Important speeches and writings of Subhas Bose / (Record no. 150815)

MARC details
000 -LEADER
fixed length control field 00729nam a22002177a 4500
005 - DATE AND TIME OF LATEST TRANSACTION
control field 20180405161722.0
010 ## - LCCN (DPL NO)
LC control number B-690728-729
020 ## - INTERNATIONAL STANDARD BOOK NUMBER
International Standard Book Number 9788193407103
Terms of availability 1495.00
035 ## - SYSTEM CONTROL NUMBER
System control number B-690728-729
037 ## - SOURCE OF ACQUISITION
Source of stock number/acquisition KKP
082 ## - DEWEY DECIMAL CLASSIFICATION NUMBER
Classification number 920
100 ## - MAIN ENTRY--PERSONAL NAME
Personal name Bright,Jagat S.
245 00 - TITLE STATEMENT
Title Important speeches and writings of Subhas Bose /
Statement of responsibility, etc by Jagat S.Bright
260 ## - PUBLICATION, DISTRIBUTION, ETC. (IMPRINT)
Place of publication, distribution, etc New Delhi
Name of publisher, distributor, etc Alina Books
Date of publication, distribution, etc 2018
270 ## - ADDRESS
Address 1262 B-Block, Jahangir Puri
City Delhi
Postal code 110033
300 ## - PHYSICAL DESCRIPTION
Extent 527p.
Dimensions 22cm (Hb)
500 ## - GENERAL NOTE
General note Balidani
700 1# - ADDED ENTRY--PERSONAL NAME
9 (RLIN) 35434
942 ## - ADDED ENTRY ELEMENTS (KOHA)
Source of classification or shelving scheme Dewey Decimal Classification
Item type English Books
Classification part 954.004
Call number suffix BRI
Holdings
Withdrawn status Lost status Not for loan Collection code Home library Current library Date acquired Source of acquisition Cost, normal purchase price Full call number Barcode Copy number Cost, replacement price Koha item type Public note
      Non-fiction Central Library Central Library 05/04/2018 KKP/BL-62/26.02.2018/788/19.02.2018/09.03.2018 1495.00 954.004 BRI B-690728 1 1495.00 English Books Balidani
      Non-fiction Sarojini Nagar Sarojini Nagar 05/04/2018 KKP/BL-62/26.02.2018/788/19.02.2018/09.03.2018 1495.00 954.004 BRI B-690729 1 1495.00 English Books Balidani

© Delhi Public Library
Hit Counter
free hit counter